Statistics for Animals: No Vowels #2

Click here to take the quiz!

General Stats

  • This quiz has been taken 2,682 times
  • The average score is 18 of 20

Answer Stats

HintAnswer% Correct
DLPHNDolphin
100%
TGRTiger
100%
CTFSHCatfish
98%
CTCoyote
98%
BTTRFLButterfly
97%
LPHNTElephant
97%
FLMNGFlamingo
97%
SPDRSpider
97%
CMLCamel
95%
CHPMNKChipmunk
94%
CRCDLCrocodile
93%
BBee
90%
LLGTRAlligator
89%
RHNCRSRhinoceros
87%
FLCNFalcon
86%
LBTRSSAlbatross
85%
RDVRKAardvark
83%
GRLLGorilla
83%
DNKDonkey
80%
CHTHCheetah
75%

Score Distribution

Percentile by Number Answered

Percent of People with Each Score

Your Score History

You have not taken this quiz